26 Apodos de jugadores argentinos #3. - Estadísticas

Estadísticas generales
  • Esta prueba ha sido intentada 109 veces
  • La puntuación promedio es 16 de 26
Estadísticas de respuestas
% Correcto
Emiliano "Dibu" Martínez
100%
Julián "Araña" Álvarez
95%
Carlos "Apache" Tévez
89%
Marcelo "Loco" Bielsa
80%
Alfio "Coco" Basile
76%
Edgardo "Patón" Bauza
72%
Javier "Jefecito" Mascherano
71%
Lisandro "Licha" López
71%
Rodrigo "Motorcito" De Paul
71%
Antonio "Turco" Mohamed
68%
Leandro "Pipi" Romagnoli
67%
Javier "Pupi" Zanetti
65%
Gabriel "Batigol" Batistuta
59%
Gonzalo "Cachete" Montiel
59%
Adrián "Maravilla" Martínez
58%
Martín "Titán" Palermo
58%
Rubén "Mago" Capria
56%
Claudio "Bichi" Borghi
55%
Fernando "Pintita" Gago
52%
José "Pepe" Chatruc
48%
Cristian "Perrito" Barrios
46%
Daniel "Cata" Díaz
45%
Roberto "Mariscal" Perfumo
28%
Ramón "Pelado" Díaz
25%
Roberto "Diablo" Monserrat
24%
Ramón "Mencho" Medina Bello
22%
No se encontraron pruebas coincidentes
Distribución de puntuación
Porcentaje de gente con cada puntuación
Porcentaje por número respondido
Historial de tus puntuaciones
No has intentado esta prueba.